| 000 | 01194nac a22003617a 4500 | ||
|---|---|---|---|
| 001 | BR2012001979 | ||
| 003 | BR-BrBNA | ||
| 005 | 20240105123939.0 | ||
| 008 | 230509b bl.|||m| |||| 00| 0 por d | ||
| 040 |
_aBR-BrBNA _bpor _cBiblioteca Nacional de Agricultura |
||
| 072 | _aP31; P32; F40 | ||
| 090 | _aP31 BR2012001979 | ||
| 100 | 1 | _aSantana, S.O. de | |
| 100 | 1 | _aMendonça, J.R. | |
| 100 | 1 | _aFaria Filho, A.F. | |
| 100 | 1 | _aAzevedo, D.G. de | |
| 100 | 1 | _aWaldburger, T. | |
| 110 | 1 |
_aCentro de Pesquisa do Cacau, Ilhéus, BA (Brasil) _91613 |
|
| 245 | 1 | _aSolos e capacidade de uso das terras do município de Itabuna, Bahia, Brasil | |
| 260 | 3 |
_aIlhéus, BA (Brasil): _c2011. |
|
| 300 | _a55 p. | ||
| 490 |
_aBoletim Técnico - Centro de Pesquisa do Cacau (Brazil) _vno. 200 _xISSN 0100-0845 |
||
| 500 | _aSummaries (En, Pt); 11 tables; 7 illus.; 21 ref. | ||
| 650 | _aSOLO | ||
| 650 | _aCAPACIDADE DE TROCA | ||
| 650 | _aPROPRIEDADE FÍSICO-QUÍMICA | ||
| 650 | _aECOLOGIA VEGETAL | ||
| 650 | _aRECONHECIMENTO DO SOLO | ||
| 650 | _aBAHIA | ||
| 856 | 4 | 0 | _dLink DSPACE/MAPA BR2012001979 |
| 909 |
_a202312 _bLúcia Elande _c55 _dLúcia Elande |
||
| 942 |
_2AGRIS _n0 _cMS |
||
| 999 |
_c297676 _d297676 |
||